000
00295nam a22001337a 4500
008
170529b xxu||||| |||| 00| 0 eng d
020
_a
0201017741
041
_a
eng
080
_a
621.3
100
_a
27
101
_a
IM
245
_a
ENGINEERING DESIGN GRAPHICS
_c
EARLE, J.H
942
_2
udc
_c
BK
999
_c
14795
_d
14795